000 01317nam a2200337 i 4500
003 EG-GICUC
005 20260121101526.0
008 251220b1997 ua ||||fr|||| 00| 0 ara d
017 _a۱۹۹۷/۱۳۲۹۱
020 _a١٠ - ٢١٧٤ - ٠٤ - ٩٧٧
040 _a EG-GICUC
_bara
_c EG-GICUC
_d EG-GICUC
_erda
041 0 _aara
082 0 4 _221
_a345.43
_bم ح . ح
092 0 4 _221
099 _aLaw1 07 345.43 م ح . ح 1997
100 0 _aمحمد فتحي محمد حسانين
_eمؤلف.
240 _a
245 1 2 _aالحماية الدستورية للموظف العامن :
_bدراسة مقارنة بين مصر وفرنسا /
_cالدكتور محمد فتحي محمد حسانين.
264 3 _aالشرقية :
_bمطبعة الأهرام،
_c1997.
300 _a739 ؛صفحة
_c24 سم.
336 _2rda content
_atext
337 _2rda media
_aComputer
338 _2rda carrier
_aOnline Resource
504 _a.739-725 ببليوجرافيا: صفحات
546 _aالنص أغلبه باللغة العربية مع بعض النصوص الفرنسية
650 1 4 _aحقوق الموظف العام
650 1 4 _aالقانون الإداري
856 4 0 _uhttps://fll.law.cu.edu.eg/fulltext/bks/B07-01493.pdf
905 _a32
_eYara
942 _2ddc
_cBK
_e21
_n0
999 _c51779
_d51779